| 000 | 00452nam a2200169 a 4500 | ||
|---|---|---|---|
| 003 | DLC | ||
| 005 | 20210219152753.0 | ||
| 022 | _a0831-2559 | ||
| 035 | _aUPN01000060592 | ||
| 245 | 0 | 0 |
_aBORDER CROSSINGS _bA MAGAZINE OF THE ARTS |
| 260 |
_aCanadá _bArts Manitoba Publications |
||
| 310 | _aTrimestral | ||
| 500 | _aTítulo sustituto | ||
| 505 | 0 | _aPor el título: VIE EN FORME - CAHIERS DE L'ANIMATEUR | |
| 905 | _aRevista | ||
| 999 |
_c60336 _d60336 |
||